[Event "POLFINAL MISTRZOSTW POLSKI JUNIOROW 2018 - C11"]
[Site "Szczyrk"]
[Date "1899-12-30"]
[Round "5.4"]
[White "Klim, Filip"]
[Black "Jendrowiak, Maciej"]
[Result "1-0"]
[WhiteTitle "I"]
[BlackTitle "II"]
[WhiteElo "1451"]
[BlackElo "1266"]

1. e4 c6 2. d4 d5 3. e5 c5 4. dxc5 Nc6 5. Nf3 Bg4 6. Bb5 e6 7. b4 Qc7 8. Bb2 Nge7
9. h3 Bxf3 10. Qxf3 Ng6 11. Qe3 O-O-O 12. Bxc6 Qxc6 13. O-O Nh4 14. Nd2 Nf5 15.
Qb3 d4 16. Nf3 g5 17. Rad1 Rg8 18. Nxd4 Nxd4 19. Bxd4 g4 20. b5 Qe4 21. Rfe1 Qf5
22. h4 Rxd4 23. Rxd4 Bxc5 24. Qc4 b6 25. Rf4 Qh5 26. g3 Qg6 27. Qe4 Qg7 28. Rd1
h5 29. Qc6+ Kb8 30. Rd7 1-0

[Event "POLFINAL MISTRZOSTW POLSKI JUNIOROW 2018 - C11"]
[Site "Szczyrk"]
[Date "1899-12-30"]
[Round "5.5"]
[White "Wolski, Michal"]
[Black "Fojcik, Kacper"]
[Result "1/2-1/2"]
[WhiteTitle "II"]
[BlackTitle "III"]
[WhiteElo "1364"]
[BlackElo "1190"]

1. e4 c6 2. d4 d5 3. Nc3 dxe4 4. Nxe4 Bf5 5. Ng3 Bg6 6. Nh3 e6 7. Nf4 Bd6 8. h4
Bxf4 9. Bxf4 h6 10. Bc4 Nd7 11. c3 Ngf6 12. Bd3 Bxd3 13. Qxd3 Qe7 14. O-O-O b5
15. Ne4 Nxe4 16. Qxe4 Rc8 17. Qf3 a5 18. Qg3 Qf6 19. Bd6 Qg6 20. Qxg6 fxg6 21.
Rde1 Kf7 22. Rh3 Nf6 23. Rhe3 Rhe8 24. b3 Ra8 25. c4 b4 26. f3 h5 27. Re5 Ra7
28. Rc5 Rc8 29. Rce5 Re8 30. Rg5 Nh7 31. Rc5 Ra6 32. g4 Nf6 33. gxh5 gxh5 34.
Rg5 g6 35. Reg1 Rg8 36. Be5 Raa8 37. Bc7 a4 38. Ra5 Rxa5 39. Bxa5 axb3 40. Bxb4
bxa2 41. Kb2 Ra8 42. Ra1 Ne8 43. Rxa2 Rxa2+ 44. Kxa2 Ng7 45. Be1 Nf5 46. Bf2 Ke7
47. Kb3 1/2-1/2

[Event "POLFINAL MISTRZOSTW POLSKI JUNIOROW 2018 - C11"]
[Site "Szczyrk"]
[Date "1899-12-30"]
[Round "5.6"]
[White "Karp, Kacper"]
[Black "Palasz, Jakub"]
[Result "1-0"]
[WhiteTitle "II+"]
[BlackTitle "II"]
[WhiteElo "1534"]
[BlackElo "1157"]

1. e4 c5 2. Nf3 d6 3. d4 cxd4 4. Nxd4 Nf6 5. Nc3 g6 6. Be3 Bg7 7. f3 Nc6 8. Qd2
Bd7 9. O-O-O a6 10. g4 b5 11. h4 O-O 12. h5 Nxd4 13. Bxd4 b4 14. Nd5 Be6 15. Nxf6+
exf6 16. hxg6 fxg6 17. Qxb4 Rb8 18. Qc3 a5 19. Bc4 d5 20. exd5 Bxd5 21. Bc5 f5
22. Bxd5+ Kh8 23. Bd4 Bxd4 24. Qxd4+ Qf6 25. Qxf6+ Rxf6 26. g5 Rfb6 27. b3 1-0

[Event "POLFINAL MISTRZOSTW POLSKI JUNIOROW 2018 - C11"]
[Site "Szczyrk"]
[Date "1899-12-30"]
[Round "5.7"]
[White "Gromek, Pawel"]
[Black "Starosciak, Szymon"]
[Result "0-1"]
[WhiteTitle "II"]
[BlackTitle "II"]
[WhiteElo "1242"]
[BlackElo "1419"]

1. d4 Nf6 2. c4 g6 3. Nc3 Bg7 4. e4 d6 5. f4 O-O 6. Nf3 Na6 7. Be2 e5 8. fxe5 dxe5
9. Nxe5 c5 10. Nf3 cxd4 11. Qxd4 Qxd4 12. Nxd4 Nxe4 13. Nxe4 Bxd4 14. Bh6 Re8
15. Nd6 Re6 16. Nxc8 Rxc8 17. Kd2 Bxb2 18. Rab1 Rd8+ 19. Ke1 Bc3+ 20. Kf2 Nc5
21. Bf3 Nd3+ 22. Kg3 Be5+ 23. Kh4 Bf6+ 24. Kg3 Rd4 25. Bd5 Bh4+ 26. Kf3 Rf6+ 27.
Ke2 Nf4+ 28. Bxf4 Rdxf4 29. Rxb7 Rf2+ 30. Ke3 Bg5+ 31. Kd4 Rd2+ 32. Kc3 Rff2 33.
a4 Bf6+ 34. Kb4 Rxd5 35. cxd5 Rb2+ 0-1

[Event "POLFINAL MISTRZOSTW POLSKI JUNIOROW 2018 - C11"]
[Site "Szczyrk"]
[Date "1899-12-30"]
[Round "5.8"]
[White "Miler, Franciszek"]
[Black "Klisowski, Bartosz"]
[Result "1-0"]
[WhiteTitle "II"]
[BlackTitle "II"]
[WhiteElo "1345"]
[BlackElo "1334"]

1. e4 c6 2. d4 d5 3. Nc3 dxe4 4. Nxe4 Bf5 5. Ng3 Bg6 6. h4 h6 7. f4 e6 8. Nf3 Nd7
9. h5 Bh7 10. Bd3 Bxd3 11. Qxd3 Ne7 12. Ne5 c5 13. Nxd7 Qxd7 14. dxc5 Qxd3 15.
cxd3 Nd5 16. d4 Rd8 17. Bd2 Nf6 18. Bc3 Nd5 19. Ne2 Be7 20. O-O-O Bf6 21. Rh3
Rd7 22. g4 Kd8 23. Rg1 Kc7 24. g5 hxg5 25. fxg5 Be7 26. h6 g6 27. Bd2 b6 28. b4
Kc6 29. a3 a5 30. Rb3 axb4 31. axb4 b5 32. Ra3 Kb7 33. Ra5 Nc7 34. Bf4 Bd8 35.
Be5 Rh7 36. Kc2 Kc6 37. Nc3 Nd5 38. Ra8 Nxb4+ 39. Kb3 Nd3 40. Rc8+ Bc7 41. Rxc7+
Rxc7 42. Bxc7 Kxc7 43. Nxb5+ Kc6 44. Nd6 Nf4 45. Rf1 Nh3 46. Nxf7 Kd5 47. Kc3
Kc6 48. Ne5+ Kd5 49. Ng4 Kc6 50. Rf6 Nxg5 51. Rxg6 Nf7 52. Rxe6+ Kd7 53. Rg6 Ke7
54. Rg7 Rh8 55. Ne5 Rf8 56. Ng6+ Ke8 57. Nxf8 1-0

[Event "POLFINAL MISTRZOSTW POLSKI JUNIOROW 2018 - C11"]
[Site "Szczyrk"]
[Date "1899-12-30"]
[Round "5.9"]
[White "Kazmierowski, Tymon"]
[Black "Wydmanski, Szymon"]
[Result "0-1"]
[WhiteTitle "II"]
[BlackTitle "II"]
[WhiteElo "1408"]
[BlackElo "1225"]

1. e4 c5 2. Nf3 d6 3. d4 cxd4 4. Qxd4 Nc6 5. Bb5 Bd7 6. Qd3 h6 7. Nc3 Nf6 8. Bf4
e5 9. Bg3 a6 10. Bxc6 Bxc6 11. O-O-O Be7 12. Nd2 b5 13. f4 exf4 14. Bxf4 b4 15.
Nd5 Bxd5 16. exd5 O-O 17. Rdg1 Qd7 18. h3 Qb5 19. Qg3 Nh5 20. Qg4 Nxf4 21. Qxf4
Qxd5 22. h4 Qe5 23. Qf2 Bf6 24. Nc4 Qc5 25. Qf1 Bd4 26. Nd2 Bxg1 27. Rxg1 Rac8
28. Qd1 Rfe8 29. g4 Re2 30. g5 Rce8 31. Nf3 Qe3+ 32. Kb1 Qxf3 33. gxh6 g6 34.
a3 bxa3 35. Qd4 Re1+ 36. Ka2 R1e5 37. b3 Qe4 38. Qc3 Qe3 39. Rxg6+ fxg6 40. Qc4+
d5 41. Qxa6 Qxh6 42. Qxa3 Qf8 43. Qc1 Ra8+ 0-1

[Event "POLFINAL MISTRZOSTW POLSKI JUNIOROW 2018 - C11"]
[Site "Szczyrk"]
[Date "1899-12-30"]
[Round "5.10"]
[White "Zimny, Jakub"]
[Black "Turowski, Maciej"]
[Result "1-0"]
[WhiteTitle "II"]
[BlackTitle "II"]
[WhiteElo "1217"]
[BlackElo "1370"]

1. e4 c5 2. Nf3 Nc6 3. d4 cxd4 4. Nxd4 Nf6 5. Nc3 e5 6. Ndb5 Bb4 7. a3 Bxc3+ 8.
Nxc3 d6 9. Bg5 Be6 10. Bxf6 gxf6 11. Nd5 Bxd5 12. Qxd5 Ke7 13. c3 Qc7 14. Bc4
Nd8 15. O-O Ne6 16. g3 Rhg8 17. Kh1 Rg7 18. f4 a6 19. fxe5 dxe5 20. Qd3 Rd8 21.
Qe2 Rg6 22. Bxe6 fxe6 23. Rad1 Rf8 24. Rd3 Rd8 25. Rxd8 Kxd8 26. Rd1+ Ke7 27.
Qh5 Kf8 28. g4 Kg7 29. Qh3 Qc6 30. Qf3 Kf7 31. Rf1 Ke7 32. g5 f5 33. exf5 Qxf3+
34. Rxf3 exf5 35. Rxf5 Ke6 36. Rf6+ Rxf6 37. gxf6 Kxf6 38. Kg2 e4 39. Kf2 Kf5
40. Ke3 Ke5 41. c4 Kf5 42. b4 Ke5 43. a4 b6 44. h3 h6 45. h4 h5 46. a5 bxa5 47.
bxa5 Kf5 48. c5 Ke5 49. c6 Kd6 50. Kxe4 Kxc6 51. Kf5 Kb5 52. Kg5 Kxa5 53. Kxh5
Kb4 54. Kg5 a5 55. h5 a4 56. h6 a3 57. h7 a2 58. h8=Q Kb3 59. Qa1 1-0

[Event "POLFINAL MISTRZOSTW POLSKI JUNIOROW 2018 - C11"]
[Site "Szczyrk"]
[Date "1899-12-30"]
[Round "5.11"]
[White "Kubaszewski, Piotr"]
[Black "Pelka, Maciej"]
[Result "0-1"]
[WhiteTitle "II"]
[BlackTitle "II"]
[WhiteElo "1238"]
[BlackElo "1328"]

1. e4 e5 2. Nf3 Nc6 3. d4 exd4 4. Nxd4 Nf6 5. Nc3 Bb4 6. f3 O-O 7. Be2 Re8 8. Bg5
h6 9. Bh4 d5 10. exd5 Qxd5 11. Bxf6 gxf6 12. Nxc6 bxc6 13. Qd2 Bxc3 14. bxc3 Ba6
0-1

[Event "POLFINAL MISTRZOSTW POLSKI JUNIOROW 2018 - C11"]
[Site "Szczyrk"]
[Date "1899-12-30"]
[Round "5.12"]
[White "Goral, Antoni"]
[Black "Wieckowski, Michal"]
[Result "0-1"]
[WhiteTitle "II"]
[BlackTitle "II"]
[WhiteElo "1011"]
[BlackElo "1278"]

1. d4 f5 2. e4 fxe4 3. Nc3 Nf6 4. Bg5 e6 5. Nxe4 Be7 6. Bd3 O-O 7. Nf3 Nc6 8. O-O
Qe8 9. c3 b6 10. Qc2 h6 11. Nxf6+ Bxf6 12. Bxf6 Rxf6 13. Ne5 Qh5 14. Bh7+ Kf8
15. Ng6+ Ke8 16. Nh8 Ne7 17. Rae1 Bb7 18. Re5 g5 19. f4 Kf8 20. Be4 Bxe4 21. Qxe4
Nc6 22. fxg5 Rxf1+ 23. Kxf1 Kg7 24. gxh6+ Qxh6 25. Qg4+ Kf6 26. Qf3+ Ke7 27. Nf7
Qf6 28. Qxf6+ Kxf6 29. Re3 Kxf7 30. Rf3+ Kg6 31. g4 Rh8 32. Kg2 e5 33. dxe5 Nxe5
34. Rg3 Kg5 35. h3 Ng6 36. Kh2 Nf4 37. b4 Re8 38. a4 Kh4 39. Rf3 Re2+ 40. Kg1
Nxh3+ 41. Kf1 Rd2 42. Re3 Kxg4 43. Re2 Rxe2 44. Kxe2 Kf4 45. Kd3 Ke5 46. c4 Nf4+
47. Ke3 Ne6 48. b5 Kd6 49. Kd2 Kc5 50. Kc3 Nd8 51. Kb3 Nb7 52. Kc3 Na5 53. Kb2
Kb4 54. c5 bxc5 55. b6 cxb6 56. Kc2 d5 57. Kb2 c4 0-1

[Event "POLFINAL MISTRZOSTW POLSKI JUNIOROW 2018 - C11"]
[Site "Szczyrk"]
[Date "1899-12-30"]
[Round "5.13"]
[White "Duda, Leon"]
[Black "Banaczyk, Piotr"]
[Result "1-0"]
[WhiteTitle "II"]
[BlackTitle "II"]
[WhiteElo "1268"]
[BlackElo "1125"]

1. e4 e6 2. d4 d5 3. Nc3 dxe4 4. Nxe4 Nd7 5. g3 Ngf6 6. Nxf6+ Nxf6 7. Bg2 c5 8.
Ne2 cxd4 9. Qxd4 Qxd4 10. Nxd4 Bc5 11. Nb5 O-O 12. Nc7 Rb8 13. Bf4 Bd7 14. a4
Rbc8 15. a5 Bc6 16. Bxc6 bxc6 17. Na6 e5 18. Nxc5 exf4 19. O-O-O fxg3 20. hxg3
Rcd8 21. f3 Rd5 22. Rxd5 Nxd5 23. Re1 Rb8 24. Na6 Rd8 25. c4 Nf6 26. Re7 Rd7 27.
Rxd7 Nxd7 28. f4 Kf8 29. Nb4 c5 30. Nd5 Nb8 31. b4 Nc6 32. a6 cxb4 33. Kb2 Na5
34. c5 b3 35. Nc3 Ke7 36. Nb5 Nc4+ 37. Kxb3 Nd2+ 38. Kb4 Ne4 39. Nxa7 Nxg3 40.
Nc6+ Kd7 41. a7 1-0

[Event "POLFINAL MISTRZOSTW POLSKI JUNIOROW 2018 - C11"]
[Site "Szczyrk"]
[Date "1899-12-30"]
[Round "5.14"]
[White "Kubik, Rafal"]
[Black "Wilgosz, Szczepan"]
[Result "1/2-1/2"]
[WhiteTitle "III"]
[BlackTitle "II"]
[WhiteElo "1264"]
[BlackElo "1092"]

1. e4 e5 2. Nf3 Nc6 3. Bc4 Nf6 4. Ng5 d5 5. exd5 Na5 6. Bb5+ c6 7. dxc6 bxc6 8.
Qf3 cxb5 9. Qxa8 Be7 10. d3 O-O 11. O-O h6 12. Ne4 Nd5 13. Nec3 Nb4 14. Qf3 Nxc2
15. Qg3 Bh4 16. Qxe5 Re8 17. Qxb5 Nxa1 18. Na3 Be7 19. b4 Bf6 20. Bb2 Re5 21.
Qa4 N1b3 22. bxa5 Nc5 23. Qc2 Qxd3 24. Qxd3 Nxd3 25. Ba1 Rxa5 26. Nab5 Bd7 27.
a4 Bxb5 28. Nxb5 Rxa4 29. Bxf6 gxf6 30. Nc3 Rc4 31. Nd5 Kg7 32. Ra1 a5 33. h3
Rc1+ 34. Rxc1 Nxc1 35. Nc3 Kg6 36. Kf1 Kf5 37. Ke1 Ke5 38. Kd2 Kd4 39. Nb5+ Kc5
40. Nc7 Nb3+ 41. Kc3 Kc6 42. Ne8 a4 43. Nxf6 Kb5 44. Ng8 h5 45. Nf6 Nc5 46. Ng8
1/2-1/2

[Event "POLFINAL MISTRZOSTW POLSKI JUNIOROW 2018 - C11"]
[Site "Szczyrk"]
[Date "1899-12-30"]
[Round "5.15"]
[White "Bartnik, Michal"]
[Black "Bartoszczuk, Adam"]
[Result "1/2-1/2"]
[WhiteTitle "II"]
[BlackTitle "II+"]
[WhiteElo "1090"]
[BlackElo "1255"]

1. e4 c5 2. Nc3 e6 3. f4 a6 4. Nf3 Nc6 5. g3 b5 6. Bg2 Bb7 7. d3 Qc7 8. Be3 Be7
9. O-O d6 10. h3 Nf6 11. Rc1 O-O 12. g4 b4 13. Ne2 d5 14. e5 Nd7 15. d4 cxd4 16.
Nexd4 Nxd4 17. Bxd4 Bc5 18. Bxc5 Nxc5 19. Re1 Qb6 20. Kh2 Rac8 21. Qd2 Ne4 22.
Qe3 Qxe3 23. Rxe3 Rc7 24. Ne1 Nc5 25. c3 Na4 26. Re2 bxc3 27. bxc3 Rfc8 28. Rec2
Rxc3 29. Rxc3 Rxc3 30. Rxc3 Nxc3 31. a3 Bc6 32. Bf1 Bb5 33. Bxb5 axb5 34. Kg2
Kf8 35. Kf3 Ke7 36. Ke3 Kd7 37. Nc2 Kc6 38. Kd2 Ne4+ 39. Ke3 Kc5 40. Nd4 Kc4 41.
h4 Nc3 42. f5 Nd1+ 43. Kd2 Kxd4 44. fxe6 fxe6 45. Kxd1 Kxe5 46. Ke2 Ke4 47. g5
d4 48. h5 d3+ 49. Kd2 Kd4 50. g6 h6 51. Kd1 e5 52. Kd2 e4 53. Kd1 e3 54. Ke1 d2+
55. Ke2 Kc3 56. Kxe3 Kc2 57. Ke4 d1=Q 58. Ke5 Kc3 59. Ke6 Kc4 60. Kf7 Qd7+ 61.
Kf8 Qe6 62. Kxg7 Qe7+ 63. Kxh6 Qe3+ 64. Kh7 Qg5 65. h6 Qe7+ 66. g7 Kc3 67. Kh8
Qf6 68. Kh7 Qf7 69. Kh8 Qg6 70. h7 Qf6 71. Kg8 Qd8+ 72. Kf7 Qd7+ 73. Kf6 Qd6+
74. Kf7 Qd5+ 75. Kf8 Qf5+ 76. Kg8 Qc8+ 77. Kf7 Qd7+ 78. Kf6 Qd6+ 79. Kf7 Qd7+
80. Kf8 Qd6+ 81. Kf7 Qd5+ 82. Kf6 Qf3+ 83. Kg6 Qd3+ 84. Kh6 Qd6+ 85. Kg5 Qe7+
86. Kg6 Qe6+ 87. Kg5 Qe7+ 88. Kg6 Qe6+ 89. Kg5 Qe5+ 90. Kg6 Qg3+ 91. Kf7 Qc7+
92. Kg6 Qd6+ 93. Kf7 Qd7+ 94. Kf6 Qd6+ 95. Kf7 Qd5+ 96. Kf6 Qf3+ 97. Kg6 Qg4+
98. Kf6 Qh4+ 99. Kg6 Qg4+ 100. Kf6 Qh4+ 101. Kg6 Qg4+ 102. Kf6 Qf3+ 1/2-1/2

[Event "POLFINAL MISTRZOSTW POLSKI JUNIOROW 2018 - C11"]
[Site "Szczyrk"]
[Date "1899-12-30"]
[Round "5.16"]
[White "Pawlowski, Kamil"]
[Black "Rozek, Michal"]
[Result "0-1"]
[WhiteTitle "II"]
[BlackTitle "II"]
[WhiteElo "1013"]
[BlackElo "1219"]

1. e4 d6 2. d4 Nf6 3. Nc3 g6 4. Nf3 Bg7 5. g3 O-O 6. Bg2 c6 7. O-O Nbd7 8. Re1
e5 9. Bg5 Qc7 10. dxe5 dxe5 11. Qe2 b6 12. Rad1 Rd8 13. Bxf6 Bxf6 14. Qc4 Nc5
15. b4 Ba6 16. b5 cxb5 17. Rxd8+ Qxd8 18. Qb4 Bb7 19. Qxb5 Qc7 20. Nd5 Bxd5 21.
exd5 Rd8 22. Rd1 a6 23. Qe2 b5 24. Ne1 Na4 25. Rd3 Nc3 26. Qf3 e4 27. Qxf6 exd3
28. Nxd3 Nxd5 29. Qg5 Nc3 30. Qf6 Nd5 31. Qg5 Qd6 32. Nc5 f6 33. Bxd5+ Qxd5 34.
Qxf6 Rf8 35. Qc3 Rc8 36. Qb3 Rxc5 37. Qe3 Qe5 38. Qb3+ Kg7 39. Qd3 Rd5 40. Qa3
Qe4 41. Qc3+ Kh6 42. f3 Rd1+ 43. Kg2 Qe2+ 44. Kh3 Qf1+ 45. Kh4 Qc4+ 46. Qxc4 bxc4
47. Kg4 Rd2 48. f4 Rxc2 49. f5 gxf5+ 50. Kxf5 Rxh2 51. Ke4 c3 52. Kd3 c2 53. Kc3
c1=Q+ 54. Kd4 Re2 55. Kd5 Qd2+ 56. Kc4 Re4+ 57. Kb3 Qb4+ 58. Kc2 Re3 59. g4 Qc3+
60. Kd1 Re1# 61. g5+ 0-1

[Event "POLFINAL MISTRZOSTW POLSKI JUNIOROW 2018 - C11"]
[Site "Szczyrk"]
[Date "1899-12-30"]
[Round "5.17"]
[White "Zaborski, Igor"]
[Black "Michno, Mateusz"]
[Result "1-0"]
[WhiteTitle "II"]
[BlackTitle "III"]
[WhiteElo "1323"]
[BlackElo "1138"]

1. d4 Nf6 2. c4 g6 3. Nf3 Bg7 4. g3 O-O 5. Bg2 c6 6. Nc3 d5 7. O-O Nbd7 8. cxd5
cxd5 9. Bf4 a6 10. Re1 Re8 11. a4 Nb6 12. b3 Bg4 13. Ne5 Be6 14. Nd3 Ne4 15. Nxe4
dxe4 16. Nc5 Bf5 17. e3 Qd5 18. Rc1 Nd7 19. g4 Be6 20. Bxe4 1-0

[Event "POLFINAL MISTRZOSTW POLSKI JUNIOROW 2018 - C11"]
[Site "Szczyrk"]
[Date "1899-12-30"]
[Round "5.18"]
[White "Nagly, Wojciech"]
[Black "Borowik, Karol"]
[Result "1-0"]
[WhiteTitle "II"]
[BlackTitle "II"]
[WhiteElo "1116"]
[BlackElo "1177"]

1. e4 c5 2. Nf3 d6 3. d4 cxd4 4. Nxd4 Nf6 5. Nc3 g6 6. f4 Bg7 7. e5 dxe5 8. fxe5
Ng8 9. Bb5+ Bd7 10. e6 Bxb5 11. exf7+ Kxf7 12. Ndxb5 Bxc3+ 13. Nxc3 Qxd1+ 14.
Nxd1 Nc6 15. Bf4 Nf6 16. O-O Rac8 17. Nc3 Rhd8 18. Bg5 Rd4 19. Rf2 Kg7 20. Raf1
Rf8 21. Nb5 Rd5 22. Nc7 Re5 23. c4 Nd7 24. Bd2 Rxf2 25. Rxf2 Nf6 26. Bc3 Re4 27.
Ne8+ Kf8 28. Nxf6 exf6 29. Rxf6+ Ke7 30. b3 Re3 31. Rf3 Rxf3 32. gxf3 Ke6 33.
Kf2 Kf5 34. Kg3 Ne5 35. Bxe5 Kxe5 36. Kg4 Kd4 37. Kg5 Kc3 38. Kh6 a5 39. f4 Kb2
40. Kxh7 Kxa2 41. Kxg6 Kxb3 42. f5 a4 43. f6 a3 44. f7 a2 45. f8=Q a1=Q 46. h4
Qg1+ 47. Kh7 Qg4 48. Qh6 Qe4+ 49. Kg7 Qxc4 50. Qb6+ Kc3 51. h5 Qg4+ 52. Qg6 Qd7+
53. Kh8 b5 54. h6 b4 55. Qg7+ Qxg7+ 56. hxg7 b3 57. g8=Q b2 58. Qa2 Kc2 59. Kg7
Kc1 60. Qc4+ Kb1 61. Kf6 Ka1 62. Qa4+ Kb1 63. Ke5 Kc1 64. Qc4+ Kb1 65. Kd4 Ka1
66. Qa4+ Kb1 67. Kd3 Kc1 68. Qc2# 1-0

[Event "POLFINAL MISTRZOSTW POLSKI JUNIOROW 2018 - C11"]
[Site "Szczyrk"]
[Date "1899-12-30"]
[Round "5.19"]
[White "Zmuda, Tomasz"]
[Black "Oklinski, Franciszek"]
[Result "0-1"]
[WhiteTitle "II"]
[BlackTitle "III"]
[WhiteElo "1174"]
[BlackElo "1073"]

1. e4 c5 2. Nf3 e6 3. c4 Nc6 4. Nc3 a6 5. a3 Qc7 6. g3 Nf6 7. Bg2 Be7 8. O-O O-O
9. Re1 d6 10. b3 Rd8 11. Bb2 Rb8 12. d3 b5 13. Nb1 bxc4 14. dxc4 d5 15. cxd5 exd5
16. e5 Ng4 17. h3 Nh6 18. Nbd2 Be6 19. Rc1 Qb6 20. Ba1 Nf5 21. Qc2 Rbc8 22. Nh2
Ncd4 23. Qd3 Nc6 24. Qc2 Ncd4 25. Qd3 Bg5 26. f4 Be7 27. g4 c4 28. bxc4 Ne2+ 29.
Kf1 Neg3+ 30. Kg1 Ne2+ 31. Kh1 Neg3+ 0-1

[Event "POLFINAL MISTRZOSTW POLSKI JUNIOROW 2018 - C11"]
[Site "Szczyrk"]
[Date "1899-12-30"]
[Round "5.21"]
[White "Jakubiec, Maurycy"]
[Black "Guzik, Michal"]
[Result "1-0"]
[WhiteTitle "IV"]
[BlackTitle "II"]
[WhiteElo "1016"]
[BlackElo "1117"]

1. e4 c5 2. Nf3 e6 3. d4 cxd4 4. Nxd4 a6 5. Be3 Qc7 6. Nc3 Nf6 7. f3 Be7 8. Qd2
d6 9. O-O-O Bd7 10. Be2 Nc6 11. g4 Rc8 12. h4 b5 13. Ndxb5 axb5 14. Nxb5 Qb7 15.
Bg5 d5 16. Bxf6 Bxf6 17. Nd6+ Ke7 18. Nxb7 Rb8 19. g5 Be5 20. f4 Bd4 21. c3 Bb6
22. exd5 exd5 23. Qxd5 Rxb7 24. Bc4 Rf8 25. Rhe1+ Kd8 26. Qxc6 1-0

[Event "POLFINAL MISTRZOSTW POLSKI JUNIOROW 2018 - C11"]
[Site "Szczyrk"]
[Date "1899-12-30"]
[Round "6.1"]
[White "Rylski, Tadeusz"]
[Black "Klim, Filip"]
[Result "1/2-1/2"]
[WhiteTitle "II"]
[BlackTitle "I"]
[WhiteElo "1407"]
[BlackElo "1451"]

1. d4 d5 2. c4 c6 3. cxd5 cxd5 4. Bf4 Nf6 5. Nc3 Nc6 6. e3 e6 7. Bd3 Bd6 8. Bg5
h6 9. Bh4 O-O 10. Nf3 Bb4 11. Rc1 Re8 12. Bb5 Bd7 13. O-O a6 14. Bxc6 Bxc6 15.
Ne5 Rc8 16. Qb3 Be7 17. Nxc6 bxc6 18. Na4 Ne4 19. Bxe7 Rxe7 20. Qd3 Qa5 21. b3
Rec7 22. Qe2 Qb5 23. Qe1 f6 24. f3 Nd6 25. Nc5 Re7 26. Na4 Nb7 27. e4 dxe4 28.
Qxe4 Rcc7 29. Nc5 e5 30. Nxb7 Qxb7 31. dxe5 Rxe5 32. Qd4 Rd5 33. Qc4 Kh7 34. Rfd1
Qb6+ 35. Kh1 Rcd7 36. Qe4+ f5 37. Qc2 Rxd1+ 38. Rxd1 1/2-1/2

[Event "POLFINAL MISTRZOSTW POLSKI JUNIOROW 2018 - C11"]
[Site "Szczyrk"]
[Date "1899-12-30"]
[Round "6.2"]
[White "Jaworski, Tymon"]
[Black "Bochenek, Ryszard"]
[Result "1-0"]
[WhiteTitle "II"]
[BlackTitle "II"]
[WhiteElo "1459"]
[BlackElo "1391"]

1. e4 e6 2. d4 d5 3. Nd2 dxe4 4. Nxe4 Bd7 5. Nf3 Bc6 6. Bd3 Nd7 7. O-O Ngf6 8.
Re1 Be7 9. c3 O-O 10. Qc2 b6 11. Bg5 Bb7 12. Nxf6+ Bxf6 13. Bxh7+ Kh8 14. Bxf6
Nxf6 15. Ng5 g6 16. Bxg6 fxg6 17. Nxe6 Qd5 18. f3 Rf7 19. Re5 Qd7 20. Rae1 Rg8
21. Ng5 Rfg7 22. Ne6 Rh7 23. Nf4 Rh6 24. Nh3 Bxf3 25. Ng5 Bd5 26. c4 Bf7 27. d5
Be8 28. Qc3 Qd6 29. h3 Qc5+ 30. Kh1 Bd7 31. Nf7+ Kg7 32. Nxh6 Kxh6 33. Re7 Qf2
34. Rf7 Nh5 35. Rxf2 1-0

[Event "POLFINAL MISTRZOSTW POLSKI JUNIOROW 2018 - C11"]
[Site "Szczyrk"]
[Date "1899-12-30"]
[Round "6.3"]
[White "Cieply, Krzysztof"]
[Black "Wolski, Michal"]
[Result "0-1"]
[WhiteTitle "II"]
[BlackTitle "II"]
[WhiteElo "1362"]
[BlackElo "1364"]

1. e4 c6 2. d4 d5 3. e5 c5 4. dxc5 e6 5. Be3 Nd7 6. Bb5 a6 7. Bxd7+ Bxd7 8. c3
Qc7 9. Qd4 Ne7 10. Nf3 Nf5 11. Qd2 Nxe3 12. Qxe3 Bxc5 13. Qd2 h6 14. O-O O-O 15.
Re1 Rac8 16. Nd4 Qb6 17. Rd1 f6 18. b4 Bxd4 19. cxd4 fxe5 20. dxe5 Rc4 21. a3
Rcf4 22. Qe3 Qxe3 23. fxe3 Re4 24. Re1 Rxe5 25. Nd2 Rc8 26. Nf3 Rf5 27. Rac1 Rff8
28. Ne5 Rxc1 29. Rxc1 Rc8 30. Rf1 Be8 31. Kf2 Rc2+ 32. Kg3 Rc3 33. Kf3 Rxa3 34.
Rc1 Kf8 35. Rc7 d4 36. Kf2 dxe3+ 37. Ke1 Bb5 38. Rc1 Ke7 39. Nc4 Bxc4 40. Rxc4
Kf6 41. Rc7 b5 42. Ke2 h5 43. Rc5 g5 44. Rc8 Kf5 45. Rc5+ e5 46. Rc2 Ke4 47. Rb2
Rc3 48. g3 g4 49. Ra2 Rc6 50. Rb2 Rf6 51. Rb3 Rf2+ 52. Ke1 Rxh2 53. Ra3 Kf3 54.
Kd1 Kf2 55. Ra2+ Kxg3 56. Ra3 Kf3 57. Rb3 g3 0-1

[Event "POLFINAL MISTRZOSTW POLSKI JUNIOROW 2018 - C11"]
[Site "Szczyrk"]
[Date "1899-12-30"]
[Round "6.4"]
[White "Fojcik, Kacper"]
[Black "Karp, Kacper"]
[Result "1-0"]
[WhiteTitle "III"]
[BlackTitle "II+"]
[WhiteElo "1190"]
[BlackElo "1534"]

1. d4 Nf6 2. c4 g6 3. Nc3 d6 4. e4 Bg7 5. Nf3 O-O 6. Be2 e5 7. d5 a5 8. Bg5 Na6
9. Nd2 h6 10. Bh4 Nc5 11. O-O Qd7 12. a3 Nh7 13. b3 f5 14. f3 f4 15. Rb1 g5 16.
Bf2 h5 17. b4 axb4 18. axb4 Na6 19. c5 dxc5 20. bxc5 Rf6 21. Nc4 Rh6 22. d6 g4
23. dxc7 Qxc7 24. Nd5 Qf7 25. Nd6 Qe6 26. Nb6 Kh8 27. Bc4 Qe7 28. Nf7+ Kg8 29.
Nxh6+ Kf8 30. Nf5 Bxf5 31. exf5 g3 32. hxg3 Rd8 33. Nd5 fxg3 34. Nxe7 gxf2+ 35.
Kxf2 Kxe7 36. Qxd8+ Kxd8 37. c6 1-0

[Event "POLFINAL MISTRZOSTW POLSKI JUNIOROW 2018 - C11"]
[Site "Szczyrk"]
[Date "1899-12-30"]
[Round "6.5"]
[White "Starosciak, Szymon"]
[Black "Miler, Franciszek"]
[Result "0-1"]
[WhiteTitle "II"]
[BlackTitle "II"]
[WhiteElo "1419"]
[BlackElo "1345"]

1. e4 c5 2. Nf3 d6 3. d4 cxd4 4. Nxd4 Nf6 5. Nc3 g6 6. Be3 Bg7 7. f3 O-O 8. Qd2
Nc6 9. O-O-O d5 10. Qe1 e5 11. Nxc6 bxc6 12. exd5 Nxd5 13. Bc4 Be6 14. g4 Qf6
15. Bxd5 cxd5 16. f4 Bxg4 17. fxe5 Qxe5 18. Rxd5 Qe6 19. Bd4 Bf3 20. Bxg7 Bxh1
21. Re5 Qc6 22. Bxf8 Rxf8 23. Ne4 Bxe4 24. Rxe4 Rc8 25. Qe2 h5 26. c3 Rd8 27.
Kc2 g5 28. Qe3 Qg6 29. Kc1 g4 30. c4 Qd6 31. Qe2 f5 32. Re8+ Kf7 33. Rxd8 Qxd8
34. Qf2 Qd7 35. c5 Qd5 36. b4 Qc4+ 37. Kd1 Qd3+ 38. Kc1 Qc3+ 39. Qc2 Qe1+ 40.
Qd1 Qc3+ 41. Qc2 Qxc2+ 42. Kxc2 h4 43. Kd2 g3 44. c6 Ke7 45. hxg3 h3 46. Ke3 h2
47. Kf4 h1=Q 48. Kxf5 Qxc6 0-1

[Event "POLFINAL MISTRZOSTW POLSKI JUNIOROW 2018 - C11"]
[Site "Szczyrk"]
[Date "1899-12-30"]
[Round "6.6"]
[White "Demski, Michal"]
[Black "Jendrowiak, Maciej"]
[Result "1/2-1/2"]
[WhiteTitle "I"]
[BlackTitle "II"]
[WhiteElo "1597"]
[BlackElo "1266"]

1. e4 e5 2. Nf3 Nc6 3. Bc4 Bc5 4. Nc3 Nf6 5. d3 a6 6. a4 h6 7. Be3 Bxe3 8. fxe3
d6 9. O-O Be6 10. Ba2 Bxa2 11. Rxa2 O-O 12. Qe1 Nb4 13. Nh4 Nxa2 14. Nxa2 Kh7
15. Nc3 d5 16. Qf2 Qd7 17. exd5 Nxd5 18. Ne4 Ne7 19. Qg3 f5 20. Nc5 Qd5 21. b4
g5 22. Nf3 b6 23. Nb3 Nc6 24. Qe1 Qd6 25. b5 axb5 26. axb5 Nb4 27. Qc3 Nd5 28.
Qd2 Ra2 29. d4 e4 30. Ne5 Nb4 31. Rc1 Nd5 32. Qe2 g4 33. Qf2 Nb4 34. Qd2 Raa8
35. g3 Nd5 36. c4 Nf6 37. Qc3 Rae8 38. Ra1 Nd7 39. Nc6 Nb8 40. Nb4 c5 41. Nd5
Rc8 42. dxc5 bxc5 43. Ra7+ Nd7 44. b6 Kg8 1/2-1/2

[Event "POLFINAL MISTRZOSTW POLSKI JUNIOROW 2018 - C11"]
[Site "Szczyrk"]
[Date "1899-12-30"]
[Round "6.7"]
[White "Wydmanski, Szymon"]
[Black "Grzadka, Artur"]
[Result "1-0"]
[WhiteTitle "II"]
[BlackTitle "II"]
[WhiteElo "1225"]
[BlackElo "1333"]

1. e4 c5 2. Nf3 Nc6 3. d4 cxd4 4. Nxd4 g6 5. Be3 Bg7 6. c4 Nf6 7. Nc3 O-O 8. Be2
d6 9. O-O a6 10. Rc1 Bd7 11. f3 Qb6 12. Nf5 Qxb2 13. Nxg7 Kxg7 14. f4 Qa3 15.
Bb6 Qb4 16. Rb1 Qxc3 17. Rb3 Qxb3 18. axb3 Nxe4 19. Bf3 Nf6 20. Bxc6 Bxc6 21.
g4 Nd7 22. Be3 b5 23. cxb5 Bxb5 24. Rf3 Rfc8 25. h4 Rc6 26. Qd4+ Kg8 27. h5 Be2
28. Rg3 Nf6 29. hxg6 hxg6 30. f5 Nxg4 31. fxg6 Ne5 32. gxf7+ Kxf7 33. Qd5+ e6
34. Qg2 Nf3+ 35. Rxf3+ Bxf3 36. Qxf3+ Ke7 37. Qxc6 Rg8+ 38. Kf2 Rf8+ 39. Ke2 Rf5
40. Qc7+ Kf6 41. Qxd6 Kf7 42. Qxa6 1-0

[Event "POLFINAL MISTRZOSTW POLSKI JUNIOROW 2018 - C11"]
[Site "Szczyrk"]
[Date "1899-12-30"]
[Round "6.8"]
[White "Pelka, Maciej"]
[Black "Duda, Leon"]
[Result "1/2-1/2"]
[WhiteTitle "II"]
[BlackTitle "II"]
[WhiteElo "1328"]
[BlackElo "1268"]

1. e4 c5 2. Nf3 Nc6 3. d4 cxd4 4. Nxd4 e5 5. Nf3 Nf6 6. Bg5 h6 7. Bxf6 Qxf6 8.
Bd3 Bb4+ 9. Nbd2 O-O 10. Qe2 d6 11. c3 Bc5 12. Nb3 Bg4 13. O-O-O a6 14. h3 Be6
15. Nxc5 dxc5 16. g4 Bxa2 17. Rdg1 b5 18. g5 Qe6 19. Qe3 hxg5 20. Qxg5 Qg6 21.
Qh4 Qh7 22. Qf6 c4 23. Rxg7+ Qxg7 24. Rg1 Qxg1+ 25. Nxg1 cxd3 26. Qxc6 b4 27.
Nf3 bxc3 28. bxc3 Rfc8 29. Qf6 Rxc3+ 30. Kd2 Rc2+ 31. Ke3 Rac8 32. Qg5+ Kf8 33.
Qh6+ Ke8 34. Qh8+ Ke7 35. Qxe5+ Be6 36. Qg5+ Kd7 37. Ne5+ 1/2-1/2